00350nam a22001337a 4500008004100000020001800041050002300059100002000082245003800102250001200140260003000152300002200182650001200204260604b |||||||| |||| 00| 0 eng d a9789966643667 aPR 6059 b.S5 1986 a Ishiguro Kazuo aAn Artist of the Floating World / a1st ed. aKenya :bLonghorn,c1986. aiv, 237. ;c15cm. aFiction